Skip to content
VuFind
Language
English
Español
Todo
Libros
eBooks
Revistas
Tesis
Audiovisual
Búsqueda Combinada
All Fields
Title
Author
Subject
Call Number
ISBN/ISSN
Tag
Find
Advanced
El imperio y América Latina.
Cite this
Text this
Print
Export Record
Export to RefWorks
Export to EndNoteWeb
Export to EndNote
Permanent link
El imperio y América Latina.
Bibliographic Details
Main Author:
Gabetta, Carlos
Format:
Libro
Language:
English
Holdings
Description
Preview
Similar Items
Staff View
MARC
LEADER
00000cam a2200000 a 4500
001
035568
003
UAHC_CL
005
20170803123900.0
008
020912b xx j 000 1 eng
040
|a
UAHC_CL
|c
UAHC_CL
|d
UAHC_CL
100
1
|a
Gabetta, Carlos
245
1
3
|a
El imperio y América Latina.
900
|a
MONDE DIPLOMATIQUE-23
942
|c
BK
999
|c
35568
|d
35568
Similar Items
Imperio /
by: Hardt, Michael 1960-
Published: (2006)
El imperio /
by: Kapuscinski, Ryszard
Published: (2010)
Imperios: Grandes Civilizaciones.
Anatomía de un imperio : Estados Unidos y América Latina /
Published: (2019)
Imperios: Dinastías
Published: (2006)
Also by Gabetta, Carlos
Radiografía del narcotráfico /
by: Gabetta, Carlos
Published: (2009)
¿Tiene porvenir el socialismo? /
by: Bunge, Mario, 1919-, et al.
Published: (2014)